000 00675nam a2200217 i 4500
001 98285
003 ES-MaACL
005 20230906182241.0
007 t|
008 050727s1958 sp ||||1| spa d
100 1 _aMarshall, Edison.
_977131
245 1 0 _aUn castillo en el pantano
_b: una historia de la vieja Carolina /
_cEdison Marshall; [versión española de Carlos Paytuví de Sierra].
250 _a[1ª ed.].
260 _aBarcelona :
_bLuis de Caralt,
_c1958.
300 _a423 p. ;
_c20 cm.
490 1 _aGigante
700 0 _aPaytuví de Sierra, Carlos.
_989742
830 0 _aGigante
_9181050
852 _aES-MaACL
_jC-14499
_bR.42304
999 _c98285
_d98285